000 00488 a2200181 4500
999 _c534407
_d534407
003 NUST
005 20200219122709.0
008 200219b ||||| |||| 00| 0 eng d
020 _a969519124X
038 _aMSOHAIL
082 _a297.1226
100 _aIzutsu,Toshihiko.
_928546
245 _aEthico-Religious Concept in the QUR'AN.
_cToshihiko Izutsu.
260 _aLahore.
_bSuhail Academy.
_c2005.
300 _a332p.
500 _aHardcover.
942 _aNBS
_cBK
_k297.1226 IZU
_2ddc